000 00394nam a22001457a 4500
008 240527b |||||||| |||| 00| 0 eng d
020 _a9780582874978
050 _aPE 1403 .C53 1992
_b2
100 _aCLANCHY, JOHN.
245 _aHOW TO WRITE ESSAYS
_bA PRACTICAL GUIDE FOR STUDENTS
260 _aAUSTRALIA
_bLONGMAN
_c1992
300 _aVII; 151P.ILL.
700 _aED AL
942 _2lcc
_cBK
999 _c210222
_d210222